Boissons les plus consommées en France en 2021 - Statistiques

Statistiques générales
  • Ce quiz a été pris 4 770 fois
  • Le résultat moyen est 5 sur 15
Statistiques - réponses
Rang Marque % Correct
1 Coca-Cola
97%
13 Orangina
65%
8 Oasis
60%
3 Lipton
52%
2 Cristaline
44%
15 Evian
41%
7 Perrier
32%
5 Volvic
27%
6 Schweppes
21%
9 Hepar
12%
11 Joker
12%
4 Tropicana
10%
14 Leffe
9%
12 Innocent
5%
10 Teisseir
4%
Aucun quiz correspondant
Distribution des résultats
% des personnes avec chaque résultat
Percentile par nombre de réponses
Votre historique - résultats
Vous n’avez pas pris ce quiz